[Event "New West Summer op"]
[Site "New Westminster"]
[Date "2019.08.03"]
[Round "1.6"]
[White "Trochtchanovitch, Pavel"]
[Black "Gibbard, Alina Iuliana"]
[Result "1/2-1/2"]
[WhiteElo "1924"]
[BlackElo "2077"]
[PlyCount "97"]
[EventDate "2019.08.03"]
[EventType "swiss"]
[EventRounds "6"]
[EventCountry "CAN"]

1. e4 Nc6 2. Nf3 d5 3. exd5 Qxd5 4. Be2 Bf5 5. c3 e5 6. Qb3 Qxb3 7. axb3 e4 8.
Ng1 Bc5 9. Na3 Nf6 10. b4 Bb6 11. Nc4 O-O 12. b3 Rfe8 13. Bb2 Ng4 14. Nh3 Nce5
15. O-O Nxc4 16. bxc4 c6 17. g3 Ne5 18. Kg2 Bc7 19. Ng1 Be6 20. c5 Bd5 21. f3
f5 22. Rac1 Nc4 23. Rc2 Rad8 24. Bc1 Be6 25. Rd1 Ne5 26. c4 Nd3 27. Bxd3 Rxd3
28. fxe4 fxe4 29. Ne2 Rf8 30. Bb2 Rdf3 31. Bd4 Be5 32. Be3 Rd8 33. Rcc1 Bb2 34.
Rb1 Be5 35. Rdc1 Bg4 36. Re1 h6 37. b5 Rf7 38. h3 Be6 39. Rec1 g5 40. bxc6 bxc6
41. Rb4 Rb8 42. Rxb8+ Bxb8 43. Nd4 Bd7 44. Ra1 Be5 45. Rxa7 Bxd4 46. Ra8+ Rf8
47. Rxf8+ Kxf8 48. Bxd4 Be6 49. Be3 1/2-1/2

[Event "New West Summer op"]
[Site "New Westminster"]
[Date "2019.08.03"]
[Round "1.7"]
[White "Co, Gilbert Roland"]
[Black "Linnick, Mark"]
[Result "0-1"]
[WhiteElo "2065"]
[BlackElo "1876"]
[PlyCount "82"]
[EventDate "2019.08.03"]
[EventType "swiss"]
[EventRounds "6"]
[EventCountry "CAN"]

1. d4 f5 2. c4 e6 3. Nc3 Nf6 4. g3 c6 5. Bg2 d5 6. Nf3 Bd6 7. O-O Nbd7 8. cxd5
exd5 9. Qc2 Ne4 10. Nd2 O-O 11. f3 Nxc3 12. bxc3 f4 13. g4 Qh4 14. Qd1 Nf6 15.
Qe1 Qg5 16. Nb3 h5 17. h4 Qg6 18. g5 Ng4 19. fxg4 hxg4 20. Nc5 Qh5 21. Bf3 gxf3
22. exf3 Bxc5 23. dxc5 Bh3 24. Qf2 Bxf1 25. Kxf1 Qg6 26. Bd2 Qd3+ 27. Qe2 Qf5
28. Kg2 Rae8 29. Qf2 Qd3 30. Re1 Kf7 31. h5 Rxe1 32. g6+ Kg8 33. Qxe1 Qf5 34.
c4 Qxh5 35. Qe6+ Kh8 36. Bxf4 Qf5 37. Qxf5 Rxf5 38. Kg3 dxc4 39. Be3 c3 40. Kf2
c2 41. Ke2 Rxc5 0-1

[Event "New West Summer op"]
[Site "New Westminster"]
[Date "2019.08.03"]
[Round "1.8"]
[White "Yang, Brian"]
[Black "Tian, Sherry"]
[Result "1/2-1/2"]
[WhiteElo "1831"]
[BlackElo "2050"]
[PlyCount "113"]
[EventDate "2019.08.03"]
[EventType "swiss"]
[EventRounds "6"]
[EventCountry "CAN"]

1. e4 e6 2. d4 d5 3. Nd2 c5 4. exd5 Qxd5 5. Ngf3 cxd4 6. Bc4 Qd7 7. O-O Nf6 8.
Nb3 Nc6 9. Nbxd4 Nxd4 10. Nxd4 a6 11. Re1 Qc7 12. Bf1 Bd6 13. g3 O-O 14. Bd2
Rd8 15. Nb3 b6 16. Bg2 Bb7 17. Rc1 a5 18. Bxb7 Qxb7 19. a4 Qc6 20. Ra1 Bc7 21.
c3 e5 22. Qc2 h6 23. Be3 Rd7 24. Nd2 Rad8 25. b3 Qe6 26. Nc4 Qc6 27. Rad1 b5
28. axb5 Qxb5 29. Rxd7 Rxd7 30. Ra1 Rd8 31. Ra4 Rb8 32. Nd2 Nd5 33. Re4 f5 34.
Rc4 Nxe3 35. fxe3 Bb6 36. Qxf5 Bxe3+ 37. Kg2 Bxd2 38. Qe6+ Kh8 39. Rc8+ Rxc8
40. Qxc8+ Kh7 41. Qf5+ Kg8 42. Qe6+ Kf8 43. Qd6+ Ke8 44. Qxd2 Qxb3 45. Qd3 a4
46. Qg6+ Qf7 47. Qe4 Qa2+ 48. Kh3 Ke7 49. Qb7+ Kf6 50. Qf3+ Kg6 51. Qe4+ Kf7
52. Qf3+ Ke7 53. Qb7+ Kf8 54. Qa8+ Kf7 55. Qf3+ Ke6 56. Qc6+ Kf5 57. Qf3+
1/2-1/2

[Event "New West Summer op"]
[Site "New Westminster"]
[Date "2019.08.03"]
[Round "1.9"]
[White "Erichsen, Dan"]
[Black "Chung, Alec"]
[Result "0-1"]
[WhiteElo "2036"]
[BlackElo "1808"]
[PlyCount "98"]
[EventDate "2019.08.03"]
[EventType "swiss"]
[EventRounds "6"]
[EventCountry "CAN"]

1. e4 c5 2. Nf3 d6 3. d4 cxd4 4. Nxd4 Nf6 5. Nc3 a6 6. Be3 Ng4 7. Bc1 Nf6 8. f3
e5 9. Nb3 Be6 10. Be3 Be7 11. Qd2 Nbd7 12. O-O-O Qc7 13. g4 Rc8 14. g5 Nh5 15.
Kb1 b5 16. Nd5 Bxd5 17. exd5 Nb6 18. Qf2 Nc4 19. Bc1 O-O 20. Bh3 Rb8 21. Rhg1
a5 22. Rg4 a4 23. Nd2 Nf4 24. Bf1 Rfc8 25. Ne4 b4 26. Bd3 b3 27. c3 a3 28. Nf6+
Bxf6 29. Bxc4 axb2 30. Bxb2 bxa2+ 31. Ka1 Bxg5 32. Ba6 Nh3 33. Qc2 Rf8 34. Bf1
Rb7 35. Bxh3 Rfb8 36. Rxg5 Rxb2 37. Qxb2 Rxb2 38. Kxb2 Qb6+ 39. Kxa2 Qa5+ 40.
Kb3 Qb5+ 41. Kc2 Qa4+ 42. Kd2 Qf4+ 43. Ke2 Qxg5 44. Bf1 Qf4 45. h3 g6 46. Rd3
Kg7 47. Re3 f5 48. Kf2 Kf6 49. c4 Qd4 0-1

[Event "New West Summer op"]
[Site "New Westminster"]
[Date "2019.08.03"]
[Round "2.1"]
[White "Linnick, Mark"]
[Black "Pechisker, Alfred"]
[Result "1/2-1/2"]
[WhiteElo "1876"]
[BlackElo "2210"]
[PlyCount "35"]
[EventDate "2019.08.03"]
[EventType "swiss"]
[EventRounds "6"]
[EventCountry "CAN"]

1. b3 d5 2. Bb2 c5 3. e3 a6 4. Nf3 Nc6 5. d4 Nf6 6. Nbd2 Bg4 7. Be2 e6 8. O-O
cxd4 9. Nxd4 Bxe2 10. Qxe2 Be7 11. Rac1 O-O 12. c4 Rc8 13. Rfd1 Qa5 14. cxd5
Nxd4 15. Bxd4 Rxc1 16. Rxc1 Qxd5 17. Qf3 Qxf3 18. Nxf3 1/2-1/2

[Event "New West Summer op"]
[Site "New Westminster"]
[Date "2019.08.03"]
[Round "2.2"]
[White "Huang, Ryan"]
[Black "Chung, Alec"]
[Result "0-1"]
[WhiteElo "1933"]
[BlackElo "1808"]
[PlyCount "103"]
[EventDate "2019.08.03"]
[EventType "swiss"]
[EventRounds "6"]
[EventCountry "CAN"]

1. d4 Nf6 2. c4 g6 3. Nc3 d5 4. Nf3 Bg7 5. Qb3 c6 6. cxd5 Nxd5 7. e4 Nxc3 8.
Qxc3 O-O 9. Bf4 Bg4 10. Ne5 Be6 11. Bc4 Bxc4 12. Qxc4 Nd7 13. Nxd7 Qxd7 14. Rd1
Qg4 15. g3 Qf3 16. O-O Rfe8 17. e5 Qd5 18. Qxd5 cxd5 19. Rc1 Rac8 20. b3 h6 21.
Bd2 Bf8 22. Bb4 h5 23. f4 f6 24. Kf2 fxe5 25. dxe5 e6 26. Bxf8 Kxf8 27. Ke3 Ke7
28. Kd3 Kd7 29. a3 b6 30. h4 Rc5 31. Rg1 Rec8 32. Rxc5 bxc5 33. g4 a5 34. gxh5
gxh5 35. Rg5 a4 36. bxa4 c4+ 37. Kc2 Rb8 38. Rxh5 d4 39. Rh7+ Kc6 40. Rg7 d3+
41. Kc3 Rb1 42. Rg3 Kd5 43. h5 Rb3+ 44. Kd2 c3+ 45. Kxd3 c2+ 46. Kxc2 Rxg3 47.
Kb2 Rh3 48. a5 Rxh5 49. Kb3 Rf5 50. a6 Rxf4 51. a7 Rf8 52. Kb4 0-1

[Event "New West Summer op"]
[Site "New Westminster"]
[Date "2019.08.03"]
[Round "2.3"]
[White "Tian, Sherry"]
[Black "Hiebert, Kenji"]
[Result "1/2-1/2"]
[WhiteElo "2050"]
[BlackElo "2139"]
[PlyCount "154"]
[EventDate "2019.08.03"]
[EventType "swiss"]
[EventRounds "6"]
[EventCountry "CAN"]

1. d4 Nf6 2. Bf4 d5 3. e3 c5 4. c3 Nc6 5. Nf3 Qb6 6. Qc1 Bf5 7. Nbd2 e6 8. h3
h6 9. Ne5 Be7 10. Bd3 Bxd3 11. Nxd3 Nd7 12. Nf3 O-O 13. O-O c4 14. Nde5 Ncxe5
15. Nxe5 Nxe5 16. Bxe5 Bd6 17. Bxd6 Qxd6 18. Qc2 b5 19. e4 b4 20. Rfe1 Rab8 21.
exd5 exd5 22. Qa4 Qb6 23. Re2 Rb7 24. Rae1 Qb5 25. Qc2 Qa5 26. Qf5 bxc3 27.
bxc3 Qxc3 28. Qxd5 Rbb8 29. Qc5 a5 30. d5 Qb4 31. Qe3 Rbd8 32. Qe4 Qb5 33. Rc1
Rfe8 34. Qxc4 Qxc4 35. Rxe8+ Rxe8 36. Rxc4 Re1+ 37. Kh2 Rd1 38. Rc5 a4 39. Ra5
g6 40. Rxa4 Rxd5 41. Ra8+ Kg7 42. Kg3 Rd2 43. Kf3 Rb2 44. Ke3 Rc2 45. a4 Ra2
46. a5 Ra3+ 47. Kf4 Ra2 48. Kg3 Ra3+ 49. f3 Ra4 50. a6 Ra2 51. a7 Ra1 52. Kf4
Ra2 53. Ke5 Ra1 54. f4 Ra5+ 55. Kd6 Ra1 56. g4 Rd1+ 57. Kc7 Rc1+ 58. Kb7 Rb1+
59. Kc6 Rc1+ 60. Kd5 Rd1+ 61. Ke4 Re1+ 62. Kd3 Ra1 63. h4 Ra3+ 64. Kc4 Ra1 65.
Kb3 Ra6 66. Kb4 Ra1 67. Kb5 Rb1+ 68. Ka6 Ra1+ 69. Kb7 Rb1+ 70. Kc8 Rc1+ 71. Kd8
Rd1+ 72. Ke8 Re1+ 73. Kd7 Rd1+ 74. Kc6 Rc1+ 75. Kd5 Rd1+ 76. Ke4 Re1+ 77. Kf3
Ra1 1/2-1/2

[Event "New West Summer op"]
[Site "New Westminster"]
[Date "2019.08.03"]
[Round "2.4"]
[White "Wu, Howard"]
[Black "Yang, Brian"]
[Result "1-0"]
[WhiteElo "2122"]
[BlackElo "1831"]
[PlyCount "45"]
[EventDate "2019.08.03"]
[EventType "swiss"]
[EventRounds "6"]
[EventCountry "CAN"]

1. Nf3 c5 2. e4 e6 3. c3 Nf6 4. e5 Nd5 5. d4 cxd4 6. cxd4 Nc6 7. Nc3 Nxc3 8.
bxc3 d6 9. exd6 Bxd6 10. Bd3 h6 11. Qe2 O-O 12. O-O Qc7 13. Re1 Bd7 14. Qe4 f5
15. Qh4 Rae8 16. Bd2 Bc8 17. Qh5 e5 18. Bc4+ Kh8 19. Bxh6 gxh6 20. Qxh6+ Qh7
21. Qxd6 e4 22. Ng5 Qg7 23. Qf4 1-0

[Event "New West Summer op"]
[Site "New Westminster"]
[Date "2019.08.03"]
[Round "2.5"]
[White "Gibbard, Alina Iuliana"]
[Black "Amerkeshev, Madiyar"]
[Result "0-1"]
[WhiteElo "2077"]
[BlackElo "1944"]
[PlyCount "62"]
[EventDate "2019.08.03"]
[EventType "swiss"]
[EventRounds "6"]
[EventCountry "CAN"]

1. c4 e5 2. Nc3 Nf6 3. d3 Nc6 4. e4 Bc5 5. h3 a6 6. Nf3 d6 7. Be2 h6 8. a3 Ba7
9. O-O g5 10. Nh2 Rg8 11. Ng4 h5 12. Nxf6+ Qxf6 13. Nd5 Qd8 14. Bxh5 g4 15.
hxg4 Nd4 16. Be3 c6 17. Bxd4 Bxd4 18. Qf3 Rg7 19. Nf6+ Ke7 20. g5 Qh8 21. Qg3
Bxb2 22. Rab1 Bd4 23. Rfe1 b5 24. Rec1 Bd7 25. cxb5 axb5 26. Nxd7 Qxh5 27. Nf6
Qxg5 28. Qxg5 Rxg5 29. Rxc6 Kxf6 30. Rxd6+ Ke7 31. Rd5 Rag8 0-1

[Event "New West Summer op"]
[Site "New Westminster"]
[Date "2019.08.03"]
[Round "2.6"]
[White "Zheng, Victor"]
[Black "Wu, Charles"]
[Result "1/2-1/2"]
[WhiteElo "1976"]
[BlackElo "1800"]
[PlyCount "86"]
[EventDate "2019.08.03"]
[EventType "swiss"]
[EventRounds "6"]
[EventCountry "CAN"]

1. Nf3 d5 2. g3 Bf5 3. Bg2 e6 4. O-O h6 5. c4 c6 6. d4 Nf6 7. b3 Be7 8. Bb2 O-O
9. Nbd2 Nbd7 10. Ne5 Nxe5 11. dxe5 Nd7 12. e4 dxe4 13. Nxe4 Bxe4 14. Bxe4 Nc5
15. Qg4 Nxe4 16. Qxe4 Bc5 17. Rad1 Qe7 18. Rd3 Rfd8 19. Rfd1 Rxd3 20. Qxd3 Bb6
21. Qd7 Qxd7 22. Rxd7 Rd8 23. Rxd8+ Bxd8 24. Ba3 f6 25. exf6 Bxf6 26. Bc5 a6
27. Kg2 Kf7 28. Kf3 Bc3 29. h4 h5 30. Ke4 g6 31. Bd4 Ba5 32. Be3 Bc3 33. Bg5
Be1 34. Be3 Bc3 35. Kf4 Kf6 36. a4 e5+ 37. Ke4 Ke6 38. Bb6 Bb4 39. Bc7 Bc3 40.
f3 Bb2 41. g4 Bc3 42. Bd8 Bd2 43. Bc7 Bc3 1/2-1/2

[Event "New West Summer op"]
[Site "New Westminster"]
[Date "2019.08.03"]
[Round "2.7"]
[White "Taylor, Tristan"]
[Black "Doknjas, Neil"]
[Result "1-0"]
[WhiteElo "2027"]
[BlackElo "2102"]
[PlyCount "95"]
[EventDate "2019.08.03"]
[EventType "swiss"]
[EventRounds "6"]
[EventCountry "CAN"]

1. e4 c5 2. Nf3 d6 3. d4 cxd4 4. Nxd4 Nf6 5. Nc3 a6 6. h3 e5 7. Nde2 h5 8. Bg5
Be7 9. Qd2 b5 10. a3 Bb7 11. Ng3 g6 12. h4 Nc6 13. Be2 Nd4 14. O-O d5 15. Bxf6
Bxf6 16. exd5 Bxd5 17. Nxd5 Qxd5 18. Rad1 Bxh4 19. c3 Nxe2+ 20. Qxe2 Qe6 21.
Qe4 O-O 22. Qxh4 f5 23. Qg5 f4 24. Ne4 Kg7 25. Rd6 Qf5 26. Qxf5 gxf5 27. Nc5
Rf6 28. Rfd1 a5 29. Rd7+ Kh6 30. R1d6 Rxd6 31. Rxd6+ Kg5 32. Ne6+ Kg4 33. Nc7
Rg8 34. Nxb5 f3 35. Rd3 e4 36. Re3 Kf4 37. g3+ Rxg3+ 38. fxg3+ Kxe3 39. Nd4 f4
40. gxf4 Kxf4 41. b4 axb4 42. axb4 h4 43. b5 h3 44. b6 Ke3 45. Nf5+ Kd2 46. b7
f2+ 47. Kxf2 h2 48. Kg2 1-0

[Event "New West Summer op"]
[Site "New Westminster"]
[Date "2019.08.03"]
[Round "2.8"]
[White "Ferguson, Peter"]
[Black "Co, Gilbert Roland"]
[Result "1-0"]
[WhiteElo "2004"]
[BlackElo "2065"]
[PlyCount "36"]
[EventDate "2019.08.03"]
[EventType "swiss"]
[EventRounds "6"]
[EventCountry "CAN"]

1. e4 e6 2. d4 d5 3. e5 c5 4. dxc5 Bxc5 5. Qg4 g6 6. Bd3 Nc6 7. Qe2 Qc7 8. Nf3
Nge7 9. c3 a5 10. Bg5 O-O 11. h4 h5 12. Bf6 Re8 13. Qd2 Kh7 14. Ng5+ Kg8 15.
Nxe6 fxe6 16. Qh6 Nf5 17. Qh8+ Kf7 18. Qh7+ Kf8 1-0

[Event "New West Summer op"]
[Site "New Westminster"]
[Date "2019.08.03"]
[Round "2.9"]
[White "Gu, Chuyang"]
[Black "Erichsen, Dan"]
[Result "0-1"]
[WhiteElo "1879"]
[BlackElo "2036"]
[PlyCount "70"]
[EventDate "2019.08.03"]
[EventType "swiss"]
[EventRounds "6"]
[EventCountry "CAN"]

1. e4 e5 2. Nf3 Nc6 3. Bb5 a6 4. Ba4 Nf6 5. O-O b5 6. Bb3 Be7 7. Re1 d6 8. c3
O-O 9. h3 Na5 10. Bc2 c5 11. d4 Qc7 12. Nbd2 Nd7 13. Nf1 Nb6 14. Ng3 Nc6 15. d5
Nd8 16. Nh2 a5 17. Nhf1 f6 18. Ne3 g6 19. h4 Nf7 20. h5 a4 21. a3 c4 22. hxg6
hxg6 23. f3 Kg7 24. Kf2 Bd7 25. Nef1 Rh8 26. Be3 Rag8 27. Nd2 Kf8 28. Qe2 f5
29. exf5 gxf5 30. f4 Bh4 31. Ndf1 Nxd5 32. Rad1 Nxf4 33. Bxf4 exf4 34. Rd5 Qb6+
35. Rd4 fxg3+ 0-1

[Event "New West Summer op"]
[Site "New Westminster"]
[Date "2019.08.04"]
[Round "3.1"]
[White "Chung, Alec"]
[Black "Pechisker, Alfred"]
[Result "0-1"]
[WhiteElo "1808"]
[BlackElo "2210"]
[PlyCount "96"]
[EventDate "2019.08.03"]
[EventType "swiss"]
[EventRounds "6"]
[EventCountry "CAN"]

1. c4 Nf6 2. Nc3 g6 3. e4 d6 4. g3 Bg7 5. Bg2 c5 6. Nge2 Nc6 7. d3 h5 8. h3 Bd7
9. Bg5 Nd4 10. Nxd4 cxd4 11. Ne2 e5 12. Qb3 Qc8 13. Qb4 Nh7 14. Bd2 Bf8 15. Qb3
Be7 16. f4 Rb8 17. Rc1 b6 18. Ng1 Nf8 19. Nf3 f6 20. Qc2 Ne6 21. O-O b5 22. b3
bxc4 23. bxc4 Nc5 24. Rb1 Ba4 25. Rxb8 Qxb8 26. Qb1 O-O 27. Nh4 Kg7 28. f5 Qxb1
29. Rxb1 g5 30. Ng6 Rf7 31. Bf3 Bc2 32. Rb8 Bxd3 33. Bxh5 Nxe4 34. Be1 Bxc4 35.
Re8 Bf8 36. Nxe5 dxe5 37. Bxf7 Bxf7 38. Rd8 Bc5 39. a4 Bb3 40. a5 Kf7 41. Kg2
Ke7 42. Rc8 Kd7 43. Rh8 d3 44. h4 d2 45. Bxd2 Nxd2 46. h5 g4 47. h6 Bd5+ 48.
Kh2 Nf1# 0-1

[Event "New West Summer op"]
[Site "New Westminster"]
[Date "2019.08.04"]
[Round "3.2"]
[White "McLaren, Brian"]
[Black "Wu, Howard"]
[Result "1-0"]
[WhiteElo "2170"]
[BlackElo "2122"]
[PlyCount "67"]
[EventDate "2019.08.03"]
[EventType "swiss"]
[EventRounds "6"]
[EventCountry "CAN"]

1. e4 c5 2. Nc3 Nc6 3. g3 g6 4. Bg2 Bg7 5. d3 d6 6. Be3 Nf6 7. h3 O-O 8. Nge2
e5 9. O-O Nd4 10. f4 Rb8 11. g4 exf4 12. Nxf4 Be6 13. Qd2 Qa5 14. a3 Nd7 15. b4
cxb4 16. Ncd5 Qa4 17. axb4 Nf3+ 18. Bxf3 Bxa1 19. c3 Qa3 20. Bd4 Bxd5 21. Nxd5
Ne5 22. Qg5 f6 23. Nxf6+ Rxf6 24. Qxf6 Rf8 25. Qe6+ Nf7 26. Qf6 Ne5 27. Qe6+
Nf7 28. Bf6 Bxc3 29. Be7 Bd4+ 30. Kh1 Re8 31. Be2 Rxe7 32. Qxe7 Qa2 33. Qxb7
Bc3 34. Qc8+ 1-0

[Event "New West Summer op"]
[Site "New Westminster"]
[Date "2019.08.04"]
[Round "3.3"]
[White "Amerkeshev, Madiyar"]
[Black "Linnick, Mark"]
[Result "1-0"]
[WhiteElo "1944"]
[BlackElo "1876"]
[PlyCount "73"]
[EventDate "2019.08.03"]
[EventType "swiss"]
[EventRounds "6"]
[EventCountry "CAN"]

1. d4 f5 2. e4 fxe4 3. Nc3 Nf6 4. Bg5 c6 5. f3 d5 6. Qd2 Bf5 7. Nge2 exf3 8.
gxf3 Nbd7 9. Ng3 Bg6 10. Bd3 Bxd3 11. Qxd3 Qb6 12. O-O-O O-O-O 13. Rhe1 h6 14.
Bf4 g5 15. Bd2 Kb8 16. Re6 Ne8 17. Nxd5 Qb5 18. Qxb5 cxb5 19. Bb4 Ng7 20. Rg6
e6 21. Bxf8 Rhxf8 22. Rxg7 exd5 23. Re1 Rxf3 24. Re6 Rf6 25. Rxd7 Rxe6 26.
Rxd8+ Kc7 27. Rxd5 a6 28. Kd2 Kc6 29. Rf5 Rd6 30. Kd3 a5 31. Ne4 Rg6 32. d5+
Kc7 33. Rf7+ Kc8 34. d6 b6 35. Kd4 h5 36. Kd5 Kd8 37. Nf6 1-0

[Event "New West Summer op"]
[Site "New Westminster"]
[Date "2019.08.04"]
[Round "3.4"]
[White "Hiebert, Kenji"]
[Black "Ferguson, Peter"]
[Result "1/2-1/2"]
[WhiteElo "2139"]
[BlackElo "2004"]
[PlyCount "88"]
[EventDate "2019.08.03"]
[EventType "swiss"]
[EventRounds "6"]
[EventCountry "CAN"]

1. Nf3 f5 2. d3 g6 3. e4 d6 4. Nc3 Bg7 5. d4 c6 6. Bd3 e5 7. dxe5 dxe5 8. exf5
gxf5 9. Qe2 e4 10. Ng5 Qe7 11. Bc4 Nf6 12. Bf4 b5 13. Bf7+ Kf8 14. Rd1 Ne8 15.
Qh5 h6 16. Nh7+ Rxh7 17. Bxe8 Kg8 18. Bg6 b4 19. Bxh7+ Kxh7 20. Ne2 Nd7 21.
Qxf5+ Kg8 22. Bd6 Qe8 23. O-O Nf6 24. Qc5 a5 25. Rfe1 Bg4 26. Rd2 e3 27. Qxe3
Qxe3 28. fxe3 Ne4 29. Rd3 Bf5 30. Be7 Kf7 31. Bh4 Bxb2 32. Rd8 Ra7 33. Rf1 Kg6
34. Nf4+ Kh7 35. Nd3 Rf7 36. Nxb2 Nc3 37. g4 Ne2+ 38. Kg2 Be4+ 39. Kh3 Rxf1 40.
Rd7+ Kg8 41. Rd8+ Kg7 42. Rd7+ Kg8 43. Rd8+ Kg7 44. Rd7+ Kg8 1/2-1/2

[Event "New West Summer op"]
[Site "New Westminster"]
[Date "2019.08.04"]
[Round "3.5"]
[White "Zheng, Victor"]
[Black "Tian, Sherry"]
[Result "1/2-1/2"]
[WhiteElo "1976"]
[BlackElo "2050"]
[PlyCount "60"]
[EventDate "2019.08.03"]
[EventType "swiss"]
[EventRounds "6"]
[EventCountry "CAN"]

1. Nf3 d5 2. g3 Nf6 3. Bg2 e6 4. O-O Be7 5. d4 O-O 6. c4 c6 7. b3 b6 8. Bb2
Nbd7 9. Nbd2 Ba6 10. Rc1 Rc8 11. Ne5 Nxe5 12. dxe5 Nd7 13. Re1 Bb4 14. cxd5
cxd5 15. a3 Bxd2 16. Rxc8 Qxc8 17. Qxd2 Nc5 18. b4 Na4 19. Rc1 Qd7 20. Bd4 Rc8
21. Rxc8+ Qxc8 22. e4 dxe4 23. Bxe4 Qc4 24. h4 h6 25. Kh2 Bb5 26. Qc2 Qxc2 27.
Bxc2 Bc6 28. Kg1 a6 29. Bxa4 Bxa4 30. Bxb6 Kf8 1/2-1/2

[Event "New West Summer op"]
[Site "New Westminster"]
[Date "2019.08.04"]
[Round "3.6"]
[White "Erichsen, Dan"]
[Black "Huang, Ryan"]
[Result "1-0"]
[WhiteElo "2036"]
[BlackElo "1933"]
[PlyCount "93"]
[EventDate "2019.08.03"]
[EventType "swiss"]
[EventRounds "6"]
[EventCountry "CAN"]

1. e4 c5 2. Nf3 Nc6 3. d4 cxd4 4. Nxd4 g6 5. c4 Bg7 6. Be3 Nf6 7. Nc3 d6 8. Be2
O-O 9. O-O Bd7 10. f3 Nxd4 11. Bxd4 Bc6 12. Qd2 Nd7 13. Be3 a5 14. b3 Nc5 15.
Rab1 f5 16. exf5 Rxf5 17. Rbd1 Qf8 18. Bd3 Rf7 19. Ne2 Ne6 20. Bc2 Be5 21. a3
Nf4 22. Nxf4 Bxf4 23. Bxf4 Rxf4 24. Be4 Rf6 25. Bd5+ Kg7 26. Rfe1 e5 27. Re4
Qd8 28. Bxc6 Qb6+ 29. Kh1 bxc6 30. Rh4 Ra7 31. b4 axb4 32. axb4 h5 33. c5 dxc5
34. Qe3 Qb5 35. h3 Ra2 36. Qxe5 Qe2 37. Rd7+ Kg8 38. Qb8+ Rf8 39. Qg3 Qe8 40.
Rd6 Kh7 41. Re4 Qf7 42. Re7 Ra1+ 43. Kh2 Qxe7 44. Qxg6+ Kh8 45. Qh6+ Kg8 46.
Rg6+ Kf7 47. Rg7+ 1-0

[Event "New West Summer op"]
[Site "New Westminster"]
[Date "2019.08.04"]
[Round "3.7"]
[White "Taylor, Tristan"]
[Black "Trochtchanovitch, Pavel"]
[Result "1/2-1/2"]
[WhiteElo "2027"]
[BlackElo "1924"]
[PlyCount "131"]
[EventDate "2019.08.03"]
[EventType "swiss"]
[EventRounds "6"]
[EventCountry "CAN"]

1. e4 e5 2. Nf3 Nc6 3. Bc4 Nf6 4. d3 Bc5 5. O-O d6 6. h3 Be6 7. Bb3 Qd7 8. c3
Bb6 9. Bxe6 fxe6 10. b4 O-O 11. Qb3 Kh8 12. a4 a6 13. Be3 d5 14. Bxb6 cxb6 15.
Nbd2 Qc7 16. Rfe1 Rae8 17. Rac1 b5 18. axb5 axb5 19. c4 bxc4 20. dxc4 dxe4 21.
Nxe4 Nd4 22. Nxd4 exd4 23. c5 Nxe4 24. Rxe4 e5 25. Rce1 b6 26. Qd5 bxc5 27.
bxc5 h6 28. Rxe5 Rd8 29. Qc4 d3 30. R5e3 d2 31. Rd1 Rf5 32. Rd3 Rxd3 33. Qxd3
Rxc5 34. Qxd2 Rc2 35. Qd5 Rc1 36. Qd4 Rxd1+ 37. Qxd1 Qc3 38. Qe2 Qc1+ 39. Kh2
Qc7+ 40. g3 Qc3 41. Qe3 Qb2 42. Qf4 Qc3 43. h4 Qb2 44. g4 Qc3 45. g5 hxg5 46.
hxg5 Qc2 47. Qf8+ Kh7 48. Qf7 Qe4 49. Qh5+ Kg8 50. Qh3 g6 51. Qe3 Qc2 52. Kg3
Qb1 53. Qc5 Qe4 54. f3 Qe1+ 55. Qf2 Qc3 56. Qe2 Qc7+ 57. f4 Qc3+ 58. Kf2 Qc6
59. Qe5 Qc2+ 60. Ke3 Kf7 61. Qf6+ Kg8 62. Kd4 Qb2+ 63. Kd5 Qb5+ 64. Ke6 Qb6+
65. Kd5 Qb5+ 66. Ke6 1/2-1/2

[Event "New West Summer op"]
[Site "New Westminster"]
[Date "2019.08.04"]
[Round "3.8"]
[White "Yang, Brian"]
[Black "Gibbard, Alina Iuliana"]
[Result "1-0"]
[WhiteElo "1831"]
[BlackElo "2077"]
[PlyCount "135"]
[EventDate "2019.08.03"]
[EventType "swiss"]
[EventRounds "6"]
[EventCountry "CAN"]

1. e4 Nc6 2. Nf3 d5 3. exd5 Qxd5 4. Nc3 Qa5 5. Bb5 Bd7 6. O-O a6 7. Bc4 e6 8.
d4 O-O-O 9. Bd2 Qh5 10. Qe2 Nf6 11. Bxa6 Bd6 12. h3 Nb4 13. Bd3 Nxd3 14. cxd3
Bc6 15. Ne4 h6 16. b4 Nxe4 17. dxe4 Bb5 18. Qd1 Bxf1 19. Qxf1 g5 20. Rc1 g4 21.
hxg4 Qxg4 22. e5 Be7 23. Qc4 Rd7 24. Rc3 Rg8 25. g3 h5 26. Ra3 Kb8 27. Qb5 Rd5
28. Qa4 Kc8 29. Qa8+ Kd7 30. Qxb7 Qe4 31. Rc3 Rc8 32. Qc6+ Kd8 33. a3 Qb1+ 34.
Kg2 Qe4 35. Kf1 Qf5 36. Bc1 Qb1 37. Kg2 Qe4 38. Kf1 Qb1 39. Ke2 Qe4+ 40. Be3
Qb1 41. Rc2 Rd7 42. Ng5 Bxg5 43. Bxg5+ Ke8 44. d5 Qb3 45. Rc4 Qb2+ 46. Kf1 Qxe5
47. dxe6 fxe6 48. Re4 Qxg5 49. Qxe6+ Re7 50. Qxc8+ Kf7 51. Rf4+ Kg6 52. Qg8+
Rg7 53. Qe6+ Kh7 54. Qf5+ Qxf5 55. Rxf5 Kg6 56. Rc5 Re7 57. a4 Re4 58. Rb5 c5
59. bxc5 Rxa4 60. Ke2 Ra2+ 61. Ke3 Ra3+ 62. Kd4 Ra4+ 63. Kd5 Ra1 64. c6 Rd1+
65. Kc5 Kf6 66. Kb6 Ke6 67. c7 Rc1 68. Rc5 1-0

[Event "New West Summer op"]
[Site "New Westminster"]
[Date "2019.08.04"]
[Round "3.9"]
[White "Doknjas, Neil"]
[Black "Co, Gilbert Roland"]
[Result "1-0"]
[WhiteElo "2102"]
[BlackElo "2065"]
[PlyCount "93"]
[EventDate "2019.08.03"]
[EventType "swiss"]
[EventRounds "6"]
[EventCountry "CAN"]

1. e4 c5 2. Nf3 Nc6 3. d4 cxd4 4. Nxd4 a6 5. Nc3 e5 6. Nf5 d6 7. Ne3 Nf6 8.
Ned5 Nxd5 9. Nxd5 Be6 10. Be3 Bxd5 11. Qxd5 Be7 12. O-O-O O-O 13. Kb1 Qc7 14.
h4 Rac8 15. Qd2 b5 16. g4 Na5 17. b3 Nc6 18. g5 Qa5 19. Bh3 Qxd2 20. Rxd2 Rc7
21. h5 Nd8 22. g6 h6 23. Rg1 f6 24. Kb2 b4 25. Bf1 f5 26. Bc4+ Kh8 27. Bxh6
Rxc4 28. bxc4 Ne6 29. Be3 f4 30. Bb6 Rb8 31. c5 dxc5 32. Rd7 Bf8 33. Ba7 Rc8
34. Rb7 Kg8 35. Bb8 Nd4 36. Rg5 Nf3 37. Rf5 Re8 38. Kc1 a5 39. Bc7 a4 40. Rb8
Rxb8 41. Bxb8 c4 42. Bxe5 Nxe5 43. Rxe5 b3 44. Re8 c3 45. cxb3 axb3 46. axb3 c2
47. f3 1-0

[Event "New West Summer op"]
[Site "New Westminster"]
[Date "2019.08.04"]
[Round "4.1"]
[White "Pechisker, Alfred"]
[Black "McLaren, Brian"]
[Result "1-0"]
[WhiteElo "2210"]
[BlackElo "2170"]
[PlyCount "89"]
[EventDate "2019.08.03"]
[EventType "swiss"]
[EventRounds "6"]
[EventCountry "CAN"]

1. d4 f5 2. c4 e6 3. g3 Nf6 4. Bg2 c6 5. b3 d5 6. Nf3 Bd6 7. O-O Qe7 8. Bb2 O-O
9. Qd3 b6 10. Nbd2 Ne4 11. Ne5 Bb7 12. Rac1 Rc8 13. f3 Nxd2 14. Qxd2 Nd7 15.
Nxd7 Qxd7 16. e4 dxc4 17. bxc4 Rd8 18. Qc3 Qf7 19. Rfd1 Rd7 20. Rd3 Rad8 21.
Rcd1 Be7 22. Ba3 h6 23. Bxe7 Qxe7 24. exf5 exf5 25. f4 Qf6 26. h4 Re7 27. Qa3
Bc8 28. Bxc6 g5 29. fxg5 hxg5 30. Bg2 Rg7 31. hxg5 Qxg5 32. Qc1 Qg4 33. Qe3 Ba6
34. Qe6+ Kh7 35. R1d2 Rgd7 36. Bh3 Qxh3 37. Rh2 Qxh2+ 38. Kxh2 Kg7 39. g4 fxg4
40. d5 Rh8+ 41. Kg2 Rf7 42. Rd4 Rd8 43. Rxg4+ Kf8 44. Qh6+ Ke8 45. Rg8+ 1-0